000 01072cam a2200229 4500
001 ABS65797
008 020902n2002 000 0 eng u
035 _a(Sirsi) u119531
100 _aFellowes, C.
245 _aShow your ability with disability
260 _c2002
490 _aEstates Gazette
_v(0233) 10 August 2002, 79(1)
520 _aDiscusses issues arrising from the Disability Discrimination Act 1995. (DDA) The physical alterations to buildings are not required to be completed until October 2004 to give service providers time to assess the alterations that may be required for a building. Argues that a consultant could be liable for a potential claim if he or she has not alerted the client to the requirements of the DDA. The DDA therefore applies to the services that consultants are providing now.
590 _aABS
650 _aDISABILITY DISCRIMINATION ACT 1995
650 _aDDA
650 _aDISABLED PEOPLE
650 _aCONSULTANT
650 _aBUILDING ALTERATIONS
690 _aBUILT ENVIRONMENT-CONSTRUCTION DESIGN
942 _n0
999 _c71060
_d71060